Comuni del Veneto con la N, la O e la Q - Statistics

Statistiche generali
  • Questo quiz è stato fatto 48 volte
  • Il punteggio medio è 13 su 23
Statistiche sulle risposte
Comune % Corretto
N Nove
89%
O Oderzo
89%
N Noventa di Piave
84%
N Noventa Padovana
84%
N Noale
79%
N Noventa Vicentina
79%
Q Quinto di Treviso
68%
N Nervesa della Battaglia
63%
N Nogara
63%
N Negrar di Valpolicella
58%
Q Quero Vas
58%
Q Quarto d'Altino
53%
N Nogarole Rocca
47%
O Oppeano
47%
O Orgiano
42%
O Ormelle
42%
O Ospitale di Cadore
42%
Q Quinto Vicentino
42%
N Nanto
37%
O Occhiobello
37%
O Orsago
32%
N Nogarole Vicentino
26%
O Ospedaletto Euganeo
26%
Nessun quiz corrispondente trovato
Distribuzione punteggi
Percentuale di utenti per punteggio
Percentile per numero di risposta
I tuoi punteggi nel tempo
Non hai fatto questo quiz